| 000 | 01102cam a2200313 i 4500 | ||
|---|---|---|---|
| 999 |
_c200448705 _d66917 |
||
| 003 | TR-AnTOB | ||
| 005 | 20220426144650.0 | ||
| 007 | ta | ||
| 008 | 170202s2017 tu a 000 0 tur d | ||
| 020 | _a9786059144742 (paperback) | ||
| 040 |
_aT9K _erda _beng _cT9K _dTR-AnTOB |
||
| 041 | 0 |
_atur _heng |
|
| 050 | 4 |
_aGV942.7.A424 _bN4819 2017 |
|
| 090 |
_aGV942.7.A424 _bN4819 2017 |
||
| 100 | 1 |
_aNeves, Marcos Eduardo _eauthor. _9136821 |
|
| 240 | 1 | 0 |
_aAlex, a biografia. _lTurkish. |
| 245 | 0 |
_aAlex de Souza : _bbiyografi / _cMarcos Eduardo Neves ; Portekizce aslından çeviren Halil Beytaş. |
|
| 264 | 1 |
_aİstanbul : _bİndigo Kitap, _c2017. |
|
| 300 |
_a335 pages : _b16 plates, illustrations ; _c22 cm |
||
| 336 |
_atext _2rdacontent. _btxt |
||
| 337 |
_aunmediated _2rdamedia. _bn |
||
| 338 |
_avolume _2rdacarrier. _bnc |
||
| 600 | 1 | 0 |
_aSouza, Alex de _9136823 |
| 650 | 7 |
_aFutbolcular _9136825 |
|
| 700 | 1 |
_aBeytaş, Halil _etranslator _9136824 |
|
| 856 | 4 | 2 |
_uhttps://media.library.ku.edu.tr/public/BookCoverImages/alex_de_souza.jpg _zcover image |
| 942 |
_2lcc _cBK |
||